<?xml version="1.0" encoding="UTF-8"?>
<record
    xmlns:xsi="http://www.w3.org/2001/XMLSchema-instance"
    xsi:schemaLocation="http://www.loc.gov/MARC21/slim http://www.loc.gov/standards/marcxml/schema/MARC21slim.xsd"
    xmlns="http://www.loc.gov/MARC21/slim">

  <leader>01402nam a2200265 i 4500</leader>
  <controlfield tag="003">DO-SdBNP</controlfield>
  <controlfield tag="005">20250606111818.0</controlfield>
  <controlfield tag="007">ta</controlfield>
  <controlfield tag="008">250606b201u    dr ao||| |||| 00| 0 spa d</controlfield>
  <datafield tag="040" ind1=" " ind2=" ">
    <subfield code="a">DO-SdBNP</subfield>
    <subfield code="b">spa</subfield>
    <subfield code="c">BNPHU</subfield>
    <subfield code="e">rda</subfield>
  </datafield>
  <datafield tag="082" ind1=" " ind2=" ">
    <subfield code="a">380.1 </subfield>
    <subfield code="b">C778g</subfield>
    <subfield code="2">22</subfield>
  </datafield>
  <datafield tag="110" ind1="2" ind2=" ">
    <subfield code="a">Coordinadora Latinoamericana y del Caribe de Peque&#xF1;os (as) Productores (as) y Trabajadores (as) del Comercio Justo (CLAC)</subfield>
    <subfield code="9">1238</subfield>
  </datafield>
  <datafield tag="245" ind1="1" ind2="0">
    <subfield code="a">Gu&#xED;a metodol&#xF3;gica : </subfield>
    <subfield code="b">para el programa de aprendizaje de gesti&#xF3;n de Recursos Humanos para plantaciones certificadas Fairtrade /</subfield>
  </datafield>
  <datafield tag="264" ind1=" " ind2="1">
    <subfield code="a">[lugar no identificado] :</subfield>
    <subfield code="b">CLAC,</subfield>
    <subfield code="c">[fecha no especificada].</subfield>
  </datafield>
  <datafield tag="300" ind1=" " ind2=" ">
    <subfield code="a">132 p&#xE1;ginas : </subfield>
    <subfield code="b">ilustraciones, fotograf&#xED;as</subfield>
    <subfield code="c">28 cm.</subfield>
  </datafield>
  <datafield tag="336" ind1=" " ind2=" ">
    <subfield code="a">texto</subfield>
    <subfield code="b">txt</subfield>
    <subfield code="2">rdacontent</subfield>
  </datafield>
  <datafield tag="337" ind1=" " ind2=" ">
    <subfield code="a">sin mediaci&#xF3;n</subfield>
    <subfield code="b">n</subfield>
    <subfield code="2">rdamedia</subfield>
  </datafield>
  <datafield tag="338" ind1=" " ind2=" ">
    <subfield code="a">volumen</subfield>
    <subfield code="b">nc</subfield>
    <subfield code="2">rdacarrier</subfield>
  </datafield>
  <datafield tag="504" ind1=" " ind2=" ">
    <subfield code="a">Bibliograf&#xED;a p: 133.</subfield>
  </datafield>
  <datafield tag="505" ind1=" " ind2=" ">
    <subfield code="t">Presentaci&#xF3;n -- </subfield>
    <subfield code="t">Orientaciones metodol&#xF3;gicas para el uso de la gu&#xED;a -- </subfield>
    <subfield code="t">Formaci&#xF3;n de Formadores (as) -- </subfield>
    <subfield code="t">El Trabajo Decente -- </subfield>
    <subfield code="t">Condiciones Laborales -- </subfield>
    <subfield code="t">Educaci&#xF3;n Financiera -- </subfield>
    <subfield code="g">Anexo 1 --</subfield>
    <subfield code="t">Materiales preparados por quien facilita -- </subfield>
    <subfield code="g">Anexo 2 -- </subfield>
    <subfield code="t">Cuestionarios de Aprendizaje -- </subfield>
    <subfield code="t">Referencias bibliogr&#xE1;ficas, /</subfield>
  </datafield>
  <datafield tag="590" ind1=" " ind2=" ">
    <subfield code="a">Inventariado, 2025/ YL

</subfield>
  </datafield>
  <datafield tag="856" ind1="4" ind2="0">
    <subfield code="u">https://www.unfpa.org/sites/default/files/portal-document/Dominican-Republic_UNDAF%202012-2016.pdf.pdf</subfield>
  </datafield>
  <datafield tag="910" ind1=" " ind2=" ">
    <subfield code="a">YLockward</subfield>
  </datafield>
  <datafield tag="942" ind1=" " ind2=" ">
    <subfield code="2">ddc</subfield>
    <subfield code="c">LBS1</subfield>
  </datafield>
  <datafield tag="952" ind1=" " ind2=" ">
    <subfield code="0">0</subfield>
    <subfield code="1">0</subfield>
    <subfield code="2">ddc</subfield>
    <subfield code="5">1</subfield>
    <subfield code="7">0</subfield>
    <subfield code="8">PD</subfield>
    <subfield code="a">BNPHU</subfield>
    <subfield code="b">BNPHU</subfield>
    <subfield code="c">CT</subfield>
    <subfield code="d">2024-10-21</subfield>
    <subfield code="l">0</subfield>
    <subfield code="o">BNPHU PD 380.1  C778g</subfield>
    <subfield code="p">2025-4930</subfield>
    <subfield code="r">2025-06-06</subfield>
    <subfield code="w">2025-06-06</subfield>
    <subfield code="y">LBS1</subfield>
  </datafield>
  <datafield tag="952" ind1=" " ind2=" ">
    <subfield code="0">0</subfield>
    <subfield code="1">0</subfield>
    <subfield code="2">ddc</subfield>
    <subfield code="5">1</subfield>
    <subfield code="7">0</subfield>
    <subfield code="8">PD</subfield>
    <subfield code="a">BNPHU</subfield>
    <subfield code="b">BNPHU</subfield>
    <subfield code="c">CT</subfield>
    <subfield code="d">2024-10-21</subfield>
    <subfield code="l">0</subfield>
    <subfield code="o">BNPHU PD 380.1  C778g</subfield>
    <subfield code="p">2025-4931</subfield>
    <subfield code="r">2025-06-06</subfield>
    <subfield code="t">e. 2</subfield>
    <subfield code="w">2025-06-06</subfield>
    <subfield code="y">LBS1</subfield>
  </datafield>
  <datafield tag="952" ind1=" " ind2=" ">
    <subfield code="0">0</subfield>
    <subfield code="1">0</subfield>
    <subfield code="2">ddc</subfield>
    <subfield code="5">6</subfield>
    <subfield code="7">0</subfield>
    <subfield code="8">DS</subfield>
    <subfield code="a">BNPHU</subfield>
    <subfield code="b">BNPHU</subfield>
    <subfield code="c">CT</subfield>
    <subfield code="d">2024-10-21</subfield>
    <subfield code="l">0</subfield>
    <subfield code="o">BNPHU DS 380.1  C778g</subfield>
    <subfield code="p">2025-4946</subfield>
    <subfield code="r">2025-06-09</subfield>
    <subfield code="t">e. 3</subfield>
    <subfield code="w">2025-06-06</subfield>
    <subfield code="y">LBS1</subfield>
  </datafield>
  <datafield tag="999" ind1=" " ind2=" ">
    <subfield code="c">59158</subfield>
    <subfield code="d">59158</subfield>
  </datafield>
</record>
